000 00224 a2200097 4500
001 40027
100 _aAZI K K Aziz
245 _aBritain & Muslim India
260 _aLahore
_bIslamic Book Service
_c
090 _c25015
_d25015
942 _aNUST-CAE
_cM
_c16687
999 _c275100
_d275100